Practical handbook fro college teachers (Record no. 107127)

MARC details
000 -LEADER
fixed length control field 00579nam a2200217Ia 4500
003 - CONTROL NUMBER IDENTIFIER
control field OSt
005 - DATE AND TIME OF LATEST TRANSACTION
control field 20220918105429.0
008 - FIXED-LENGTH DATA ELEMENTS--GENERAL INFORMATION
fixed length control field 220915b |||||||| |||| 00| 0 eng d
037 ## - SOURCE OF ACQUISITION
Terms of availability Reference Collections
040 ## - CATALOGING SOURCE
Original cataloging agency ARTS
Transcribing agency ARTS
Language of cataloging eng
041 ## - LANGUAGE CODE
Source of code eng
Language code of text/sound track or separate title eng
100 ## - MAIN ENTRY--PERSONAL NAME
Personal name Fuhrmann B.S. Au.
9 (RLIN) 1384
245 #0 - TITLE STATEMENT
Title Practical handbook fro college teachers
260 ## - PUBLICATION, DISTRIBUTION, ETC.
Date of publication, distribution, etc. 1983
942 ## - ADDED ENTRY ELEMENTS (KOHA)
Classification part T4g, M3(RR)
Koha item type Reference
Holdings
Withdrawn status Lost status Damaged status Not for loan Home library Current library Date acquired Total Checkouts Full call number Barcode Date last seen Price effective from Koha item type
        Arts Library Arts Library 2022-09-18   T4g M3(RR) AL0891420 2022-09-18 2022-09-18 Reference
Copyright @ Delhi University Library System